| 000 | 00372nam a2200145Ia 4500 | ||
|---|---|---|---|
| 008 | 150201s2013 xx 000 0 und d | ||
| 082 |
_a612 _bL13P |
||
| 100 | _aPRESTON, ROBIN R. | ||
| 245 | _aLIPPINCOTT,S ILLUSTRATED REVIEWS PHYSIOLOGY | ||
| 250 | _a1ST | ||
| 260 |
_bWOLTERS KLUWER _aINDIA _c2013 |
||
| 300 | _a1-518 | ||
| 650 | _aHUMAN PHYSIOLOGY | ||
| 942 |
_2ddc _cBK _05 |
||
| 999 |
_c1602 _d1602 |
||